<?xml version="1.0" encoding="UTF-8"?><?xml-stylesheet type="text/xsl" href="static/style.xsl"?><OAI-PMH xmlns="http://www.openarchives.org/OAI/2.0/" xmlns:xsi="http://www.w3.org/2001/XMLSchema-instance" xsi:schemaLocation="http://www.openarchives.org/OAI/2.0/ http://www.openarchives.org/OAI/2.0/OAI-PMH.xsd"><responseDate>2026-06-02T00:42:09Z</responseDate><request verb="GetRecord" identifier="oai:riuma.uma.es:10630/31307" metadataPrefix="marc">https://riuma.uma.es/rest/oai/request</request><GetRecord><record><header><identifier>oai:riuma.uma.es:10630/31307</identifier><datestamp>2026-02-03T10:53:34Z</datestamp><setSpec>com_10630_2254</setSpec><setSpec>col_10630_37953</setSpec></header><metadata><record xmlns="http://www.loc.gov/MARC21/slim" xmlns:dcterms="http://purl.org/dc/terms/" xmlns:doc="http://www.lyncode.com/xoai" xmlns:xsi="http://www.w3.org/2001/XMLSchema-instance" xsi:schemaLocation="http://www.loc.gov/MARC21/slim http://www.loc.gov/standards/marcxml/schema/MARC21slim.xsd">
   <leader>00925njm 22002777a 4500</leader>
   <datafield ind2=" " ind1=" " tag="042">
      <subfield code="a">dc</subfield>
   </datafield>
   <datafield ind2=" " ind1=" " tag="720">
      <subfield code="a">García-Pardo, Francisca</subfield>
      <subfield code="e">author</subfield>
   </datafield>
   <datafield ind2=" " ind1=" " tag="720">
      <subfield code="a">Bárcena-Martín, Elena María</subfield>
      <subfield code="e">author</subfield>
   </datafield>
   <datafield ind2=" " ind1=" " tag="720">
      <subfield code="a">Pérez-Moreno, Salvador Jesús</subfield>
      <subfield code="e">author</subfield>
   </datafield>
   <datafield ind2=" " ind1=" " tag="260">
      <subfield code="c">2021-04-21</subfield>
   </datafield>
   <datafield ind2=" " ind1=" " tag="520">
      <subfield code="a">In this paper we present a fuzzy multidimensional approach for the measurement of the `leaving no one behind' principle underlying the Sustainable Development Goals (SDGs) in European countries. In particular, we consider a two-step procedure. First, we compute the degree to which an individual is `left behind' in each speci c dimension. We then propose alternatives&#xd;
to measure the extent to which an individual is `left behind' in a multidimensional setting. We illustrate our proposal taking as a reference the `at risk of poverty or social exclusion' (AROPE) framework (dimensions, indicators and union criteria). The results highlight that although the average `left behind' (LB) level and AROPE are largely consistent across European countries, our fuzzy measure provides valuable additional information, both in individual and aggregate terms, on persons who are further away from those better positioned and how far they are.</subfield>
   </datafield>
   <datafield ind1="8" ind2=" " tag="024">
      <subfield code="a">García-Pardo, F.; Bárcena Martín, E., Pérez Moreno. Measuring the ‘leaving no one behind’ principle in the European countries: An AROPE-based fuzzy logic approach. Fuzzy Sets and Systems,  409: 170-185. DOI: 10.1016/j.fss.2020.07.017</subfield>
   </datafield>
   <datafield ind1="8" ind2=" " tag="024">
      <subfield code="a">https://hdl.handle.net/10630/31307</subfield>
   </datafield>
   <datafield ind1="8" ind2=" " tag="024">
      <subfield code="a">10.1016/j.fss.2020.07.017</subfield>
   </datafield>
   <datafield tag="653" ind2=" " ind1=" ">
      <subfield code="a">Conjuntos difusos</subfield>
   </datafield>
   <datafield tag="653" ind2=" " ind1=" ">
      <subfield code="a">Pobreza</subfield>
   </datafield>
   <datafield tag="653" ind2=" " ind1=" ">
      <subfield code="a">Unión Europea - Política económica</subfield>
   </datafield>
   <datafield ind2="0" ind1="0" tag="245">
      <subfield code="a">Measuring the ‘leaving no one behind’ principle in the European countries: An AROPE-based fuzzy logic approach.</subfield>
   </datafield>
</record>
</metadata></record></GetRecord></OAI-PMH>